00655nam a2200193 a 450000100100000000500170001000800410002704000250006808200160009310000160010924501130012525000110023826000420024930000450029150000350033650000360037170000190040770000350042600002556720200930023901.0110217s1966 sp abd r 001 0 spa d aDO-SdBNPbspacBNPHU axxxxbB694r1 aBolt, C. L.13aLa radio :b¡Que sencilla! /cC. L. Bolt ; revisión Thomas Roddam ; traducción J. A. López del Río. a5a ed. aMadrid, España :bParaninfo,c1966. a222 p. :bil., mapas., diagrs. ;c22 cm. aIncluye índice alfabético. aIncluye glosario de términos.1 aRoddam, Thomas1 aLópez del Río, J. A.,etr.